000 00318 a2200133 4500
999 _c325214
_d325214
001 90141
003 NUST
082 _a808.86 ANW
100 _aAnwar Masood
_91453
245 _aSiddiqa Anwar Kay Naam
_hUrdu
260 _aLahore
_bDost Publications
_c2014
300 _a216 p.
500 _aGeneral Books
942 _aCAE NUST
_cBK
_k808.86 ANW
_2ddc